000 00672nam a2200289Ia 4500
005 20260324115149.0
008 008 260324s9999 xx 000 0 eng d
020 _a9780429327148
037 _aEBOOK
040 _aCRL
040 _beng
040 _cCRL
041 _2eng
041 _aeng
084 _qCRL
100 _aJosé Baptista
_91153607
245 0 _aIndustrial Maintenance
245 0 _bTechniques, Stories, and Cases
260 _bTaylor and Francis
260 _c2019
365 _a
365 _b180
856 _uhttp://www.taylorfrancis.com/books/9780429327148
942 _cEBOOK
999 _c1744289
_d1744289